| 000 | 00462nam a2200181Ia 4500 | ||
|---|---|---|---|
| 008 | 240925s9999 xx 000 0 und d | ||
| 020 | _a713133198 | ||
| 082 | _a604.201516 MOR | ||
| 100 | _aMorling , K | ||
| 245 | 0 | _aGeomatric and Engineering Drawing | |
| 250 | _a2nd | ||
| 260 |
_aLondon: _bEdward Arnold _c,1974. |
||
| 300 |
_ax,192p. _bNA _fOriginal |
||
| 500 | _aIncludes Index | ||
| 600 | _aElectrical Engineering | ||
| 650 | _aTechnology | ||
| 942 | _cBK | ||
| 999 |
_c3206 _d3206 |
||